| 000 | 00537cam a2200169 a 4500 | ||
|---|---|---|---|
| 020 | _a082133588X | ||
| 040 | _cDLC | ||
| 082 | _a344 PRO 1996 A065 Or. | ||
| 245 | 0 | 0 |
_aProcurement of goods or works : _bStandard Bid Evaluation Form / |
| 260 |
_aWashington, D.C. : _bProcurement Policy and Coordination Unit, Operations Policy Dept., World Bank, _c[1996] |
||
| 300 |
_av, 40 p. ; _c28 cm. |
||
| 500 | _a"April 1996." | ||
| 650 | 0 | _aLetting of contracts | |
| 650 | 0 | _aContracts for work and labor | |
| 710 | 2 | _aWorld Bank. | |
| 942 | _cEK | ||
| 999 |
_c14243 _d14243 |
||